00272nam a2200109Ia 4500008004100000082001400041100001600055245003000071260003500101300000800136650001800144191201s2019 xx 000 0 und d a615.9 DAP aDas, Saumya 0aPharmacology & Toxicology bR.NARAIN Pub.aNew Delhic2019 a200 aPharmacology